Najbardziej Wartościowy Piłkarz Danego Kraju #2 - Statystyki

Ogólne statystyki
  • Ten quiz został rozwiązany 392 razy
  • Średni wynik to 7 z 15
Statystyki odpowiedzi
Kraj Nazwisko % Poprawnych
Polska Robert Lewandowski
98%
Walia Gareth Bale/Aaron Ramsey
95%
Senegal Sadio Mane
93%
Dania Christian Eriksen
92%
Chile Alexis Sanchez
85%
Austria David Alaba
72%
USA Christian Pulisic
64%
Ukraina Oleksandr Zinchenko
32%
Serbia Sergej Milinković-Savić
31%
Szwecja Victor Lindelof
20%
Wenezuela Josef Martinez
15%
Tunezja Wahbi Khazri
11%
Turcja Caglar Soyuncu
6%
Japonia Shoya Nakajima
1%
Peru Luis Abram
0%
Nie znaleziono quizów pasujących do podanych kryteriów
Rozkład punktacji
Procent ludzi z każdym wynikiem
Percentyl według liczby udzielonych odpowiedzi
Twoja historia wyników
Nie rozwiązałeś tego quizu